Normal view
MARC view
Entry Topical Term
001 - CONTROL NUMBER
- control field: 706696
003 - CONTROL NUMBER IDENTIFIER
- control field: OSt
005 - DATE AND TIME OF LATEST TRANSACTION
- control field: 20221007105511.0
008 - FIXED-LENGTH DATA ELEMENTS
- fixed length control field: 221007|| aca||aabn | a|a d
040 ## - CATALOGING SOURCE
- Original cataloging agency: OSt
- Transcribing agency: OSt
150 ## - HEADING--TOPICAL TERM
- Topical term or geographic name entry element: LAND ACQUISITION
670 ## - SOURCE DATA FOUND
- Source citation: Work cat.: (OSt)1188307: Ghosh A., Land Acquisition Act,1894, 1973
